000 01496cam a22003734i 4500
003 PE-LiUPU
005 20250731184117.0
008 150616s r 000 0 d
035 _a(Sirsi) a6237
040 _aPE-LiUPU
_bspa
_cPE-LiUPU
_erda
049 _aPRUA
082 0 4 _a860.9
_bV17
_221
100 1 _aValbuena Prat, Angel,
_eautor.
245 1 0 _aHistoria de la Literatura Española.
_n2.
264 1 _aBarcelona :
_bEditorial Gustavo Gili, S.A.,
_c1953.
300 _a687 páginas :
_bIlustraciones (fotos blanco y negro) ;
_c23 cm.
336 _atext
_2rdacontent
337 _aunmediated
_2rdamedia
338 _avolume
_2rdacarrier
505 0 _aLos siglos de oro: Cervantes, Quevedo, Lope de Vega, los discípulos de Lope y la escuela valenciana.- La comedia de Calderón, la didáctica en el siglo XVIIliteratura española.
526 _aP145
526 _aP127
526 _aP97
526 _aP14
526 _aP07
650 0 4 _aLITERATURA ESPAÑOLA - HISTORIA - SIGLO XVII.
910 _ajck
_bjvq
_cjck
942 _2ddc
_cBOOK
949 _a860.9 V17 2
_wDEWEY
_c1
_i39648
_lCCODEBUL1
_mBUL
_p00.00
_r0
_sY
_tBOOK
_u19951011
_xTEOLOGIA
_zUNKNOWN
_0COMPRA
_o.STAFF. Colección General
994 _aC0
_bPEPRU
596 _a1
999 _a860.9 V17 2
_wDEWEY
_c57348
_i39648
_f2021-11-5
_g5
_lCCODEBUL1
_mBUL
_r0
_sY
_tBOOK
_u2015-6-16
_xBIBLIOTECA
_zUNKNOWN
_0COMPRA
_o.STAFF. Colección General
_d57348
980 _81
_gALBERTO SANCHEZ Responsable de Automatización